<A> dictionary of economics
Guardado en:
| Autor principal: | |
|---|---|
| Otros Autores: | , |
| Formato: | Libro |
| Lenguaje: | inglés |
| Publicado: |
New York
Oxford University Press
2009
|
| Edición: | 3rd ed. |
| Colección: | Oxford paperback reference
|
| Materias: | |
| Etiquetas: |
Sin Etiquetas, Sea el primero en etiquetar este registro!
|
MARC
| LEADER | 00000nam$a2200000$$$4500 | ||
|---|---|---|---|
| 001 | 0113511 | ||
| 005 | 20240315115156.6 | ||
| 020 | |a 978-0-19-923704-3 | ||
| 041 | 0 | |a eng | |
| 044 | |a US | ||
| 245 | 1 | 0 | |a <A> dictionary of economics |c John Black, Nigar Hashimzade, Gareth Myles |
| 250 | |a 3rd ed. | ||
| 264 | 1 | |a New York |b Oxford University Press |c 2009 | |
| 300 | |a 505 s. | ||
| 490 | 1 | |a Oxford paperback reference | |
| 830 | 0 | |a Oxford paperback reference | |
| 610 | 2 | 0 | |a ekonómia |
| 610 | 2 | 0 | |a veda ekonomická |
| 610 | 2 | 0 | |a terminológia |
| 100 | 1 | |a Black, John | |
| 700 | 1 | |a Hashimzade, Nigar | |
| 700 | 1 | |a Myles, Gareth D. | |